<?xml version="1.0" encoding="UTF-8"?>
<marc:record xmlns:marc="http://www.loc.gov/MARC21/slim">
   <marc:leader>00000nam a2200000 a 4500</marc:leader>
   <marc:datafield ind1="1" ind2=" " tag="100">
      <marc:subfield code="a">Hächler, Bruno</marc:subfield>
      <marc:subfield code="4">aut</marc:subfield>
      <marc:subfield code="e">Verfasser/-in</marc:subfield>
   </marc:datafield>
   <marc:datafield ind1="0" ind2="0" tag="245">
      <marc:subfield code="a">Was macht der Bär die ganze Nacht?</marc:subfield>
   </marc:datafield>
   <marc:datafield ind1=" " ind2="1" tag="264">
      <marc:subfield code="b">Mined.</marc:subfield>
      <marc:subfield code="c">2005</marc:subfield>
   </marc:datafield>
   <marc:datafield ind1="1" ind2=" " tag="520">
      <marc:subfield code="a">Angaben aus der Verlagsmeldung

Was macht mein Bär die ganze Nacht? / von Bruno Hächler

Da schickt man das Kind extra mit einem Plüschtier ins Bett, damit es gut und friedlich schläft und dann so etwas: die Detektivinstinkte werden geweckt, die Neugier kennt keine Grenzen und das Kind geht auf Entdeckungsreise. Was um Himmels willen macht der Teddybär in der Nacht? Das Ergebnis ist allemal verblüffend. Irgendwann muss eben doch geschlafen werden. Und wie schön und wunderbar ist es, morgens aufzuwachen und einen wachen, aber müden Teddybär neben sich zu finden. Mit der Gewissheit, die ganze Nacht bewacht und beschützt worden zu sein, wird dem Teddy Schlaf gegönnt, während man selber den Tag beginnt.
Eine Gutenachtgeschichte, die Ängste nimmt.
</marc:subfield>
   </marc:datafield>
   <marc:datafield ind1=" " ind2=" " tag="020">
      <marc:subfield code="a">9783865660299</marc:subfield>
      <marc:subfield code="9">9783865660299</marc:subfield>
   </marc:datafield>
</marc:record>
